African betrayal

Αποθηκεύτηκε σε:
Λεπτομέρειες βιβλιογραφικής εγγραφής
Κύριοι συγγραφείς: Darlington, Charles F. (Charles Francis), 1904-1986, Darlington, Alice B. (Συγγραφέας)
Μορφή: Βιβλίο
Γλώσσα:English
Δημοσίευση: New York, David McKay Company, [1968]
Θέματα:
Ετικέτες: Προσθήκη ετικέτας
Δεν υπάρχουν, Καταχωρήστε ετικέτα πρώτοι!

MARC

LEADER 00000cam a2200000 a 4500
001 1/113310
008 170309s1968####nyu| ||| |||| ||eng||
040 |a GR-MyUa  |b gre  |c GR-MyUa  |e AACR2 
041 0 |a eng 
082 7 |a 967.21   |2 (23) 
100 1 |a Darlington, Charles F.   |q (Charles Francis),   |d 1904-1986. 
245 1 0 |a African betrayal /   |c by Charles F. Darlington and Alice B. Darlington.  
260 |a New York,   |b David McKay Company,   |c [1968]  
300 |a xi, 359 σ. ;   |c 21 εκ.  
651 0 |a Gabon  |x Politics and government. 
651 0 |a Gabon  |x Description and travel. 
700 1 |a Darlington, Alice B.  |e aut 
852 |a INST  |b LESVOS  |e 20170309  |h 967.21 DAR  |p 005100058861  |q 005100058861  |t BK  |y 0 
970 |a Τζαφέρη  |b Ευαγγελία  |z 09-03-2017